000 00867nam a2200217Ii 4500
003 JO-AjNU
008 230605s9999||||xx |||||||||||||| ||und||
020 _a978-977-308-652-7
040 _aJO-AjNU
_bara
_erda
_cJO-AjNU
041 _aara
050 1 4 _aHD62.4 2019
100 3 _aأحمد،المليجي عبد الرؤف صالح احمد، م.مشارك ابراهيم جابر السيد احمد,
_eauthor
_961944
245 0 0 _aإدارة الاعمال الدولية
264 3 1 _aدسوق: دار العلم والايمان؛ الجزائر: دار الجديد للنشر والتوزيع،2019
300 _a323ص
336 _atext
_btxt
_2rdacontent
337 _aunmediated
_bn
_2rdamedia
338 _avolume
_bnc
_2rdacarrier
490 0 _aسلسلة الإدارة الحديثة
650 4 _aالشركات الدولية-ادارة
_961945
999 _aA28025
_c31593
_d31593